000 00466nmm a2200169Ia 4500
008 251105s9999||||xx |||||||||||||||||und||
041 _aspa
100 _aFreches, José
245 0 _aGengis Kan
264 _a[Madrid, España] :
_bEdiciones B,
_c2016
300 _a600 páginas
650 _aHistorical fiction
700 _aFreches, José
700 1 _a Alapont Calderaro, M.ª Rosa
856 _uhttps://public.digitaliapublishing.com/a/54402
942 _cCF
999 _c65630
_d65630